| 000 | 00511 a2200193 4500 | ||
|---|---|---|---|
| 005 | 20260501141652.0 | ||
| 008 | 260501b |||||||| |||| 00| 0 eng d | ||
| 020 |
_a9789387253971 _cRs. 295.00 |
||
| 040 | _aMAIN | ||
| 082 |
_a363.34 _bN312A |
||
| 100 | _aNegi, Pritam Singh | ||
| 245 | _aAapda prabandhan ke aadhar | ||
| 260 |
_aNew Delhi _bKitab Mahal Publishers _c2021 |
||
| 300 | _ax, 326 | ||
| 650 | _aSocial Problems | ||
| 650 | _aSocial Services | ||
| 650 | _aDisasters Management | ||
| 942 | _cBK | ||
| 999 |
_c396866 _d396866 |
||